Statistics for All Players On the Indiana Pacers

Click here to take the quiz!

General Stats

  • This quiz has been taken 134 times
  • The average score is 3 of 15

Answer Stats

HintAnswer% Correct
PG13Paul George
100%
Last year rookie that blocked Lebron JamesMyles Turner
34%
Used to be on DallasMonta Ellis
25%
A holidayRakeem Christmas
21%
Last name is distanceC.J Miles
19%
Son of a star nba playerGlenn Robinson
18%
Got traded for a draft pickJeff Teague
14%
Drafted by the pistonsRodney Stuckey
14%
Center drafted from highschoolAl Jefferson
13%
Winner of 2012 dunk contestJeremy Evans
12%
Won Most improve player in 2009-2010 seasonAaron Brooks
10%
Common last nameLavoy Allen
9%
Last Name is a ______ boyThaddeus Young
9%
Last Name is a _____ boyJoe Young
6%
Last year he ran into a kidKevin Seraphin
6%

Score Distribution

Percentile by Number Answered

Percent of People with Each Score

Your Score History

You have not taken this quiz